Statistiques concernant Olympique de Marseille - Tous les joueurs de 2010 à aujourd'hui

Cliquez ici pour prendre le quiz!

Statistiques générales

  • Ce quiz a été pris 1 220 fois
  • Le résultat moyen est 72 sur 148

Statistiques - réponses

SaisonNationalitéJoueurNombre
de
matchs
% Correct
2007-2016, 2017-2022FrancaisSteve Mandanda613
98%
2013-2015, 2016-...FrancaisDimitri Payet304
97%
2013-2015, 2016-2021FrancaisFlorian Thauvin281
94%
2021-...EspagnolPau Lopez40
90%
2016-2021JaponaisHiroki Sakai185
88%
2014-2021FrancaisMaxime Lopez150
86%
2022-...ChilienAlexis Sanchez4
85%
2020-...FrancaisValentin Rongier112
85%
2007-2015GhanéenAndré Ayew209
84%
2009-2014GhanéenJordan Ayew147
84%
2010-2015FrancaisAndré-Pierre Gignac188
83%
2017-2021GrecKostas Mitroglou50
83%
2021-...TurcCengiz Under51
82%
2021-...FrancaisMattéo Guendouzi61
82%
2021-2022MarocainAmine Harit35
80%
2018-...CroateDuje Caleta-Car130
79%
2020-...ArgentinLeonardo Balerdi53
79%
2017-2021FrancaisValère Germain160
78%
2022-...CongolaisChancel Mbemba5
77%
2022-...FrancaisJordan Veretout5
77%
2005-2010SénégalaisMamadou Niang227
77%
2006-2014FrancaisMathieu Valbuena331
77%
2005-2011NigérianTaiye Taiwo272
74%
2007-2013BurkinabéCharles Kaboré193
73%
2022-...BurkinabéIssa Kaboré1
73%
2022-...FrancaisJonathan Clauss5
73%
2009-2012ArgentinLucho Gonzalez124
73%
2021-2022PolonaisArek Milik55
72%
2015-2021FrancaisYohan Pelé89
71%
2022-...BosniaqueSead Kolasinac21
70%
2016-2022FrancaisBoubacar Kamara170
69%
2022-...PortugaisNuno Tavares5
69%
2020-...SénégalaisPape Gueye82
68%
2007-2014FrancaisBenoit Cheyrou306
67%
2011-2016CamerounNicolas Nkoulou207
67%
2020-...SénégalaisBamba Dieng42
66%
2021-...BrésilienGerson52
66%
2015-2020SénégalaisBouna Sarr181
65%
2018-2022HollandaisKevin Strootman78
65%
2015-2019ArgentinLucas Ocampos132
65%
2015-2019PortugaisRolando123
65%
2017-2019BrésilienLuiz Gustavo98
64%
2017-2021FrancaisMorgan Sanson157
64%
2009-2014SénegalaisSouleymane Diawara164
63%
2020-2021JaponaisYuto Nagatomo29
63%
2017-2019FrancaisAdil Rami75
62%
2011-2015MalgacheJérémy Morel153
62%
2015-2017FrancaisLassana Diarra45
62%
2014-2016BelgeMichy Batshuayi78
62%
2022-...FrancaisSamuel Gigot4
62%
2011-2012FrancaisAlou Diarra50
61%
2021-2022AméricainKonrad De La Fuente23
61%
2018-2022SerbeNemanja Radonjic63
59%
2021-2022EspagnolPol Lirola72
59%
2022-...EspagnolRuben Blanco2
59%
2015-2018CamerounaisAndré-Franck Zambo Anguissa106
58%
2022-...IvoirienEric Bailly2
58%
2009-2011ArgentinGabriel Heinze77
58%
2017-...FrancaisJordan Amavi127
58%
2016EcossaisDarren Fletcher18
57%
2009-2012BrésilienBrandao116
56%
2019-2022ArgentinDario Benedetto71
56%
2012-2013AnglaisJoey Barton33
56%
2021-2022FrancaisWilliam Saliba52
56%
2010-2012EspagnolCésar Azpilicueta68
55%
2016-2019SlovaqueThomas Hubocan20
55%
2019-2022EspagnolAlvaro Gonzalez75
54%
2020-2022BrésilienLuis Henrique48
54%
2016-2021TunisienSaif-Eddine Khaoui40
54%
2016-2017FrancaisBafétimbi Gomis34
53%
2010-2015, 2016-2018FrancaisRod Fanni198
53%
2016-2019CamerounaisClinton N'jie83
52%
2015-2016ChilienMauricio Isla38
52%
2014-2016MarocainAbdelaziz Barrada45
50%
2013-2016FrancaisBenjamin Mendy101
50%
2014-2018BrésilienDoria33
50%
2022-...ColombienLuis Suarez3
50%
2017-2019TunisienAymen Abdennour14
48%
2015-2017HollandaisKarim Rekik45
48%
2009-2012CamerounaisStéphane Mbia102
48%
2015-2016FrancaisGeorges-Kevin Nkoudou41
47%
2019ItalienMario Balotelli15
47%
2013-2015GabonaisMario Lemina50
47%
2017FrancaisPatrice Evra21
47%
2014-2017FrancaisRomain Alessandrini65
47%
2008-2011FrancaisHatem Ben Arfa91
46%
2015-2018FrancaisRémy Cabella81
46%
2014-2016IvoirienBrice Dja Djedje70
45%
2013-2016TogolaisAlaixys Romao127
44%
2010-2013FrancaisLoïc Rémy111
44%
2015-2016BrésilienLucas Silva33
44%
2022-...CongolaisCedric Bakambu25
42%
2009-2011FrancaisEdouard Cissé77
42%
2022-...FrancaisIsaak Touré1
42%
2013-2014TunisienSaber Khalifa36
42%
2008-2010IvoirienBakari Koné80
41%
2021-2022BrésilienLuan Pérès50
41%
2013-2015CongolaisGiannelli Imbula76
40%
2016-2018CamerounaisHenri Bedimo23
40%
2015-2016EspagnolJavier Manquillo43
38%
2015-2016ItalienPaolo De Ceglie12
38%
2012-2017CongolaisBrice Samba4
37%
2017-2020FrancaisGrégory Sertic25
37%
2015-2017FrancaisAbou Diaby6
36%
2012-2014ComorienKassim Abdallah37
36%
2011-2013FrancaisMorgan Amalfitano87
36%
2012-2014BrésilienLucas Mendes62
35%
2007-2010FrancaisLaurent Bonnart138
34%
2016-2017BelgeAaron Leya Iseka9
30%
2014-2017Néo-ZélandaisBill Tuiloma2
30%
2014-2017FrancaisBaptiste Aloé15
28%
2020-2021FrancaisMickael Cuisance30
28%
2008-2011BrésilienVitorino Hilton81
26%
2009-2012BrésilienElinton Andrade9
25%
2009-2011FrancaisFabrice Abriel76
25%
2009-2010EspagnolFernando Morientes19
25%
2019-2021FrancaisMarley Aké26
25%
2014-2017FrancaisStéphane Sparagna19
25%
2016-2017FrancaisWilliam Vainqueur33
25%
2013-2015AlgérienFoued Kadir16
24%
2014-2018ArménienGael Andonian1
23%
2019-2021FrancaisLucas Perrin13
23%
2012-2013ComorienRafidine Abdullah23
20%
2016-2017FrancaisZinédine Machach12
20%
2013-2015SénégalaisModou Sougou16
19%
2021FrancaisOliver Ntcham6
19%
2017-2019TurcYusuf Sari4
18%
2011-2016FrancaisBilel Omrani10
17%
2018-2019FrancaisFlorian Escales1
17%
2011-2014FrancaisGennarro Bracigliano6
17%
2019-2020FrancaisIsaac Lihadji2
17%
2015-2017FrancaisAntoine Rabillard7
16%
2004-2013SénégalaisLeyti N'Diaye16
16%
2014-2017FrancaisJeremie Porsan-Clémente2
14%
2014-2016FrancaisBilal Boutobba3
13%
2013-2015FrancaisLaurent Abergel2
13%
2010-2015GabonaisAlexander N'Doumbou2
12%
2017-2021FrancaisChristopher Rocchia4
12%
2018-2021FrancaisFlorian Chabrolle3
12%
2007-2012FrancaisJean-Phillippe Sabo11
8%
2012-2014GhanéenKevin Osei1
7%
2008-2013SénégalaisPape M'Bow12
7%
2020-...MarocainOussama Thargalline3
5%
2016-2017FrancaisAlphousseyni Sané1
4%
2011-2013FrancaisChris Gadi5
4%
2014-2015SénégalaisMomar Bangoura2
4%
2020-2022FrancaisCheick Souaré1
3%
2011-2014TogolaisSenah Mango1
3%

Distribution des résultats

Percentile par nombre de réponses

% des personnes avec chaque résultat

Votre développement - résultats

Vous n’avez pas pris ce quiz